000
00212nmm a2200085Ia 4500
008
150209s2015||||xx |||||||||||||||||und||
100
_a
GERA,RANI
245
_a
STEP BY STEP PEDIATRIC ECHOCARDIOGRAPHY
942
_2
ddc
_c
CD
999
_c
5918
_d
5918